Première Ligue - Statistiques

Statistiques générales
  • Ce quiz a été pris 45 fois
  • Le résultat moyen est 27 sur 51
Statistiques - réponses
Année Réponse % Correct
2021 Paris Saint-Germain
100%
2007 Olympique lyonnais
87%
2008 Olympique lyonnais
87%
2009 Olympique lyonnais
87%
2010 Olympique lyonnais
87%
2011 Olympique lyonnais
87%
2012 Olympique lyonnais
87%
2013 Olympique lyonnais
87%
2014 Olympique lyonnais
87%
2015 Olympique lyonnais
87%
2016 Olympique lyonnais
87%
2017 Olympique lyonnais
87%
2018 Olympique lyonnais
87%
2019 Olympique lyonnais
87%
2020 Olympique lyonnais
87%
2022 Olympique lyonnais
87%
2023 Olympique lyonnais
87%
2024 Olympique lyonnais
87%
2025 Olympique lyonnais
87%
1991 FC Lyon
67%
1993 FC Lyon
67%
1995 FC Lyon
67%
1998 FC Lyon
67%
2004 Montpellier HSC
64%
2005 Montpellier HSC
64%
2002 Toulouse FC
53%
1999 Toulouse OAC
53%
2000 Toulouse OAC
53%
2001 Toulouse OAC
53%
1975 Stade de Reims
40%
1976 Stade de Reims
40%
1977 Stade de Reims
40%
1980 Stade de Reims
40%
1982 Stade de Reims
40%
1992 FCF Juvisy
24%
1994 FCF Juvisy
24%
1996 FCF Juvisy
24%
1997 FCF Juvisy
24%
2003 FCF Juvisy
24%
2006 FCF Juvisy
24%
1984 ASJ Soyaux
13%
1989 Saint-Brieuc AC
7%
1983 VGA Saint-Maur
4%
1985 VGA Saint-Maur
4%
1986 VGA Saint-Maur
4%
1987 VGA Saint-Maur
4%
1988 VGA Saint-Maur
4%
1990 VGA Saint-Maur
4%
1978 AS Etroeungt
2%
1979 AS Etroeungt
2%
1981 AS Etroeungt
2%
Aucun quiz correspondant
Distribution des résultats
% des personnes avec chaque résultat
Percentile par nombre de réponses
Votre historique - résultats
Vous n’avez pas pris ce quiz